Towards a rational philosophical anthropology

Αποθηκεύτηκε σε:
Λεπτομέρειες βιβλιογραφικής εγγραφής
Κύριος συγγραφέας: Agassi, Joseph
Μορφή: Βιβλίο
Γλώσσα:English
Δημοσίευση: The Netherlands : Martinus Nijhoff/The Hague, 1977
Σειρά:Van Leer Jerusalim Foundation series
Θέματα:
Ετικέτες: Προσθήκη ετικέτας
Δεν υπάρχουν, Καταχωρήστε ετικέτα πρώτοι!

MARC

LEADER 00000nam a2200000 i 4500
001 1/26381
008 981217s1977 eng d
020 |a 90-247-2003-6 
035 |l 10037566 
040 |a GR-MY-UA  |b gre  |e aacr 
041 0 |a eng 
082 0 |a 128.3 
100 1 |a Agassi, Joseph. 
245 1 0 |a Towards a rational philosophical anthropology /  |c by Joseph Agassi 
260 |a The Netherlands :   |b Martinus Nijhoff/The Hague,   |c 1977 
300 |a 404 p. 
490 1 |a Van Leer Jerusalem Foundation series 
504 |a Includes bibliographical references and indexes 
650 0 0 |a Philosophical anthropology. 
830 0 |a Van Leer Jerusalim Foundation series 
852 |a INST  |b LESVOS  |e 19981217  |h 128.3 AGA  |p 005100017131  |q 005100017131  |t BK  |y 0 
901 |a BIBL-1999-1 
909 |a Λ  |b 061012 
922 |a 1ΕΛΗ  |b 199811  |c ΚΠΣ/ΤΚΑ  |d ΠΑΠΑΣΩΤΗΡΙΟΥ 
950 |a 117-1998-07-11